| 000 | 00449nam a2200193Ia 4500 | ||
|---|---|---|---|
| 005 | 20250423095043.0 | ||
| 008 | 250422s9999 xx 000 0 und d | ||
| 020 | _a8125920633 | ||
| 050 | _aTK 7868 .D5 .S/ | ||
| 100 | _aSalivahanan, S. | ||
| 245 | 0 | _aDigital circuits and design | |
| 250 | _a3rd ed. | ||
| 260 | _aNew Delhi | ||
| 260 | _bVIKAS PUBLISHING HOUSE | ||
| 260 | _c2007 | ||
| 300 | _a665 p | ||
| 650 | _aComputer | ||
| 942 | _cBK | ||
| 999 |
_c29097 _d29097 |
||